000 01037nam a2200313 4500
001 0000015266
003 CO-CtgCURN
005 20250331184729.0
007 ta
008 160627s1992 000 0 eng d
020 _a0201535009 (V1)
040 _aCO-CtgCURN
_bspa
_ccoctgcurn
082 0 _a428.077
_bW15n
100 1 _aWalker, Michael.
245 1 0 _aNew horizons in English /
_cMichael Walker.
250 _a3a ed.
260 _aBogotá :
_bEditorial Educativa,
_c1992.
300 _a3 v.: il., fot.
336 _2rdacontent
337 _2rdamedia
_asin mediacion
_bn
338 _2rdacarrier
_avolumen
_bnc
505 8 _aContenido: Conjunctions v.1-4-5 Student books.--Adjetives.--Advers.--Articles
650 1 4 _aIngles
_vEnseñanza.
908 _a160627
942 _cBK
_h428.077
_iW15n
_2ddc
999 _c20640
_d20640